L’homme en tant que genre zoologique, un itinéraire (notice n° 1655711)
[ vue normale ]
| 000 -LEADER | |
|---|---|
| fixed length control field | 00875cam a2200157 4500500 |
| 005 - DATE AND TIME OF LATEST TRANSACTION | |
| control field | 20260208010237.0 |
| 041 ## - LANGUAGE CODE | |
| Language code of text/sound track or separate title | fre |
| 042 ## - AUTHENTICATION CODE | |
| Authentication code | dc |
| 100 10 - MAIN ENTRY--PERSONAL NAME | |
| Personal name | Pichot, André |
| Relator term | author |
| 245 00 - TITLE STATEMENT | |
| Title | L’homme en tant que genre zoologique, un itinéraire |
| 260 ## - PUBLICATION, DISTRIBUTION, ETC. | |
| Date of publication, distribution, etc. | 2005.<br/> |
| 500 ## - GENERAL NOTE | |
| General note | 69 |
| 520 ## - SUMMARY, ETC. | |
| Summary, etc. | This article deals with questions such as : what position has been allocated by biology to the human species and the human races in taxonomy, and how this position has evolved from the 18th century to the Second World War. Particularly, what was the status of the Jews among these classifications, and how did they consider themselves from a racial point of view. |
| 786 0# - DATA SOURCE ENTRY | |
| Note | Revue d’Histoire de la Shoah | 183 | 2 | 2005-10-19 | p. 159-209 | 2111-885X |
| 856 41 - ELECTRONIC LOCATION AND ACCESS | |
| Uniform Resource Identifier | <a href="https://shs.cairn.info/revue-d-histoire-de-la-shoah-2005-2-page-159?lang=fr&redirect-ssocas=7080">https://shs.cairn.info/revue-d-histoire-de-la-shoah-2005-2-page-159?lang=fr&redirect-ssocas=7080</a> |
Pas d'exemplaire disponible.




Réseaux sociaux